[Event "Pozarevac"]
[Site "Pozarevac"]
[Date "1995.??.??"]
[Round "10"]
[White "Gligoric, Svetozar"]
[Black "Trifunovic, Miroljub"]
[Result "1/2-1/2"]
[WhiteElo "2455"]
[BlackElo "2295"]

1.d4 Nf6 2.c4 e6 3.Nf3 Bb4+ 4.Bd2 Be7 5.Nc3 d5 6.Bg5 h6 7.Bxf6 Bxf6 8.e3 O-O
9.Qd2 b6 10.cxd5 exd5 11.Rc1 Bb7 12.Be2 Re8 13.O-O c6 14.Rfd1 Nd7 15.b4 a6
16.Ne1 Be7 17.Nd3 Bd6 18.Bf1 g6 19.Re1 Kg7 20.Rb1 Ra7 21.g3 f5 22.f4 Nf6
23.Ne5 h5 24.Rec1 Bc8 25.Rc2 Rh8 26.h4 Re8 27.Bg2 Re6 28.Nd1 Rc7 29.Nf2 Ne4
30.Nxe4 dxe4 31.Bf1 Bb7 32.Qc3 Kh7 33.Qb3 Ree7 34.Nc4 Re8 35.Nxd6 Qxd6 36.Rbc1 Rec8
37.a4 Rb8 38.a5 Bc8 39.axb6 Rxb6 40.Rc5 Be6 41.Bc4 Bd7 42.Bg8+ Kh8 43.Qf7 Bc8
44.Qe8 Qd7 45.Bf7+ Qxe8 46.Bxe8 Rxb4 47.d5 Bd7 48.Bxg6 Kg7 49.d6 Rcb7 50.Bxf5 Bxf5
51.Rxf5 Rb2 52.Re5 R7b3 53.Re7+ Kg6 54.d7 Rd3 55.g4 c5 56.f5+ Kf6 57.Re6+ Kf7
58.gxh5 Rxd7 59.Rxe4 Kf6 60.Rf1 Rg7+ 61.Kh1 Rgg2 62.Re6+ Kf7 63.Rg6 Rh2+
64.Kg1 Rxh4 65.Rf2 Rb1+ 66.Kg2 Rxh5 67.e4 Re1 68.Rg4 Rhh1 69.Kf3 Rh3+ 70.Kf4 Rhe3
71.Kg5 Rxe4 72.Rxe4 Rxe4 73.Rh2 Rb4 74.Rh7+ Kg8 75.Rc7 Rb6 76.Rxc5 Kg7 77.Rc7+ Kf8
78.Ra7 Rc6 79.Rb7 Rd6  1/2-1/2

[Event "Ptuj"]
[Site "Ptuj"]
[Date "1995.??.??"]
[Round "9"]
[White "Cebalo, Miso"]
[Black "Bukal, Vladimir Jr"]
[Result "1-0"]
[WhiteElo "2570"]
[BlackElo "2415"]

1.d4 Nf6 2.Nf3 e6 3.c4 Bb4+ 4.Bd2 c5 5.Bxb4 cxb4 6.g3 O-O 7.Bg2 d6 8.O-O a5
9.Qd3 Qe7 10.Nbd2 Na6 11.Rad1 Bd7 12.Rfe1 Rab8 13.e4 e5 14.c5 dxc5 15.dxe5 Ne8
16.Nh4 Bg4 17.f3 Be6 18.b3 b5 19.Bf1 f6 20.exf6 Nxf6 21.e5 Nd5 22.Ne4 Nac7
23.Rc1 Na6 24.f4 Rfd8 25.Ng5 g6 26.Nxg6 Qa7 27.Nxe6 Rd7 28.Red1 hxg6 29.Qxg6+ Kh8
30.Ng5  1-0

[Event "CRO-Cup"]
[Site "Pula"]
[Date "1995.??.??"]
[Round "5"]
[White "Jukic, Mirko"]
[Black "Hulak, Krunoslav"]
[Result "1/2-1/2"]
[WhiteElo "2480"]
[BlackElo "2545"]

1.d4 Nf6 2.Nf3 e6 3.c4 Bb4+ 4.Bd2 c5 5.Bxb4 cxb4 6.g3 O-O 7.Bg2 d6 8.Nbd2 Qc7
9.Rc1 b6 10.Nf1 a5 11.Ne3 Na6 12.O-O Ra7 13.Ne1 Qb8 14.Nd3 Bb7 15.a3 Bxg2
16.Kxg2 b5 17.axb4 bxc4 18.Rxc4 d5 19.Rc2 Nxb4 20.Nxb4 axb4 21.Qd3 b3 22.Rc3 Rb7
23.Ra1 Ne4 24.Rcc1 g6  1/2-1/2

[Event "ISL-ch"]
[Site "Reykjavik"]
[Date "1995.??.??"]
[Round "5"]
[White "Sigurpalsson, Runar"]
[Black "Karason, Askell O"]
[Result "1-0"]
[WhiteElo "2285"]
[BlackElo "2235"]

1.d4 Nf6 2.c4 e6 3.Nf3 Bb4+ 4.Bd2 Qe7 5.Nc3 O-O 6.Qc2 d5 7.a3 Bxc3 8.Bxc3 Ne4
9.e3 b6 10.Bd3 Bb7 11.cxd5 exd5 12.Rc1 Nd7 13.O-O Rfe8 14.Rfd1 Rac8 15.Be1 c5
16.dxc5 bxc5 17.Qa4 Nd6 18.Qg4 Nf6 19.Qf4 Nfe4 20.Bb1 f5 21.h4 h6 22.h5 Qf7
23.Qh2 Qf6 24.b4 c4 25.Nd4 c3 26.Qf4 Ba6 27.Ba2 Bc4 28.Bxc4 Rxc4 29.Rc2 Rec8
30.f3 Ng5 31.Rdc1 Nb5 32.Qxf5 Nxd4 33.Qxf6 gxf6 34.exd4 Ne6 35.Rxc3 Nxd4
36.Rxc4 dxc4 37.Kf2 Kf7 38.a4 Ke6 39.Ke3 Nf5+ 40.Ke4 Rd8 41.g4 Nd6+ 42.Ke3 f5
43.Bg3 fxg4 44.Bxd6 Rxd6 45.fxg4 Ra6 46.Rxc4 Rxa4 47.Ke4 Kf6 48.Kd5 Kg5 49.Kc5 a6
50.Kb6 Kh4 51.Kc5 Ra1 52.Rd4 Kg5 53.Rd6 Rc1+ 54.Kb6 Rb1 55.Rd4 Ra1 56.Kb7 Ra4
57.Kb6 Kh4 58.Kc5 Ra1 59.Kb6 Ra4 60.Re4 Kg5 61.Kc6 Kh4 62.Kd6 Ra1 63.Re6 Kxg4
64.Rxh6 Kg5 65.Re6 Ra4 66.Re5+ Kh6 67.Kc5 Ra1 68.Kc4 Rc1+ 69.Kb3 Rb1+ 70.Kc3 Rc1+
71.Kb2 Rc6 72.Kb3 Rf6 73.Ka4 Rd6 74.Ka5 Rf6 75.Re8 Kxh5 76.Rb8 Kg5 77.Rb6 Rf1
78.Rxa6 Kf5 79.Rd6 Ke5 80.Rd2  1-0

[Event "RUS Army-ch"]
[Site "RUS"]
[Date "1995.??.??"]
[Round "?"]
[White "Kharitonov, Andrei Y"]
[Black "Kiselev, Sergey"]
[Result "1/2-1/2"]
[WhiteElo "2550"]
[BlackElo "2495"]

1.d4 Nf6 2.c4 e6 3.Nf3 Bb4+ 4.Bd2 Bxd2+ 5.Qxd2 O-O 6.Nc3 d5 7.e3 Qe7 8.Bd3 dxc4
9.Bxc4 c5 10.dxc5 Qxc5 11.Qd4 Qxd4 12.Nxd4 a6 13.O-O Bd7 14.Rfd1 Rc8 15.Be2 Nc6
16.Nxc6 Bxc6 17.f3  1/2-1/2

[Event "Salta Clarin op"]
[Site "Salta"]
[Date "1995.??.??"]
[Round "3"]
[White "Minzer, Claudio Javier"]
[Black "Fernandez, Ignacio"]
[Result "1-0"]
[WhiteElo "2390"]
[BlackElo "2265"]

1.d4 Nf6 2.c4 e6 3.Nf3 Bb4+ 4.Bd2 Be7 5.Nc3 d5 6.Bg5 O-O 7.Qc2 h6 8.Bh4 c5
9.cxd5 cxd4 10.Nxd4 Nxd5 11.Bxe7 Nxe7 12.O-O-O Qb6 13.e3 e5 14.Ndb5 Bg4 15.Rd2 Nbc6
16.Bc4 Rad8 17.Rxd8 Rxd8 18.Qb3 Bh5 19.g4 Na5 20.Qa4 Bg6 21.Be2 a6 22.Na3 Qc7
23.Rd1 b5 24.Rxd8+ Qxd8 25.Qd1 Qc7 26.Nc2 Kh7 27.Bd3 Nc4 28.Bxg6+ Nxg6 29.Qd5 Nb6
30.Qe4 Kg8 31.Nd5 Qc6 32.Nc3 Qc5 33.Qb7 a5 34.Ne4 Qd5 35.Qxd5 Nxd5 36.Na3 b4
37.Nc4 a4 38.Nc5 a3 39.bxa3 bxa3 40.Nxa3 Nc3 41.Nc2 Kf8 42.a4 Ke7 43.Kd2 Nd5
44.e4 Nf6 45.f3 Kd6 46.Nd3 Nh4 47.Ke2 Nd7 48.Ne3 f6 49.Nb4 Kc5 50.Nbd5 Nb8
51.Ne7 g6 52.Kf2 Nd7 53.Kg3 g5 54.N3d5 Kd6 55.a5  1-0

[Event "San Luis Clarin GP"]
[Site "San Luis"]
[Date "1995.??.??"]
[Round "5"]
[White "Slipak, Sergio"]
[Black "Milos, Gilberto"]
[Result "1/2-1/2"]
[WhiteElo "2450"]
[BlackElo "2560"]

1.d4 Nf6 2.Nf3 e6 3.c4 Bb4+ 4.Bd2 Qe7 5.g3 Nc6 6.Nc3 O-O 7.Bg2 Bxc3 8.Bxc3 Ne4
9.Qc2 f5 10.O-O d6 11.b4 Bd7 12.b5 Nd8 13.Bb2 Be8 14.Nd2 Nf6 15.e4 fxe4 16.Nxe4 Bg6
17.Nxf6+ Qxf6 18.Qd2 a6 19.d5 e5 20.f4 Qe7 21.fxe5 Rxf1+ 22.Rxf1 dxe5 23.b6 Nf7
24.Qf2 Re8 25.bxc7 Qxc7 26.c5 e4 27.Qd4 Ng5 28.d6 Qd7 29.Qd5+ Nf7 30.h4 h5
31.Re1 Kh8 32.Re3 Nd8 33.Kh2 Qf5 34.Qd2 Kh7 35.Qc3 Qf7 36.Qd4 Nc6 37.Qd2 Qf5
38.d7 Rd8 39.Bxe4 Rxd7 40.Qe2 Qg4 41.Qxg4 hxg4 42.Bxc6 bxc6 43.Bc3 Bf7 44.a3 Rd1
45.Kg2 Rc1 46.Kf2 Rc2+ 47.Ke1 Bd5 48.Kd1 Rg2 49.Kc1 Kg6 50.Bd4 Kf7 51.Be5 a5
52.Bf4 Kf6 53.Be5+ Kf7 54.Bf4 g6 55.Rd3 Rf2 56.Bc7 a4 57.Rd4 Bb3 58.Rf4+  1/2-1/2

[Event "San Luis Clarin GP"]
[Site "San Luis"]
[Date "1995.??.??"]
[Round "8"]
[White "Pereyra Arcija, Diego"]
[Black "Tempone, Marcelo"]
[Result "1-0"]
[WhiteElo "2290"]
[BlackElo "2415"]

1.d4 Nf6 2.Nf3 e6 3.c4 Bb4+ 4.Bd2 Qe7 5.g3 Nc6 6.Bg2 Bxd2+ 7.Nbxd2 d6 8.O-O e5
9.d5 Nb8 10.e4 a5 11.Ne1 h5 12.h3 h4 13.g4 Bd7 14.Nd3 Na6 15.b3 O-O 16.a3 c6
17.Qe2 cxd5 18.exd5 Rfe8 19.Rae1 Qd8 20.Qe3 Rc8 21.Qg5 Nh7 22.Qxd8 Rexd8
23.f4 exf4 24.Ne4 Be8 25.Rxf4 b5 26.g5 a4 27.cxb5 Bxb5 28.Nc1 Rc2 29.bxa4 Bc4
30.g6 fxg6 31.Nxd6 Rxg2+ 32.Kxg2 Bxd5+ 33.Kh2 Nf6 34.Nb5 Rc8 35.Ne2 g5 36.Rd4 Re8
37.Nbc3 Bf3 38.Kg1 Nc5 39.Kf2 g4 40.hxg4 Bxg4 41.Nf4 Rb8 42.Nfd5 Rb2+ 43.Kg1 Bf3
44.Nxf6+ gxf6 45.Re3 Bb7 46.Rxh4 Kf7 47.Nb5 Rd2 48.Rd4 Rxd4 49.Nxd4 Nxa4
50.Nf5 Bd5 51.Re7+ Kg6 52.Ra7 Bb3 53.Nd4 Bd1 54.Kf2 Nb2 55.Nb5 Kf5 56.Nc3 Bc2
57.a4 Ke5 58.a5 Kd4 59.Ne2+ Kd5 60.Rd7+ Kc6 61.Rd2 Nd1+ 62.Ke1 Ba4 63.Ra2 Kb5
64.Rxa4  1-0

[Event "San Luis Clarin GP"]
[Site "San Luis"]
[Date "1995.??.??"]
[Round "8"]
[White "Servat, Roberto"]
[Black "Milos, Gilberto"]
[Result "0-1"]
[WhiteElo "2450"]
[BlackElo "2560"]

1.d4 Nf6 2.c4 e6 3.Nf3 Bb4+ 4.Bd2 Qe7 5.g3 Nc6 6.Bg2 Bxd2+ 7.Nbxd2 d6 8.e4 e5
9.d5 Nb8 10.O-O O-O 11.Ne1 a5 12.Nd3 Na6 13.f4 Nd7 14.f5 c6 15.a3 Nac5 16.Nxc5 Nxc5
17.f6 gxf6 18.Qh5 cxd5 19.cxd5 f5 20.exf5 f6 21.Rac1 a4 22.Rxc5 dxc5 23.Ne4 Ra7
24.d6 Qd8 25.g4 b6 26.g5 Rg7 27.gxf6 Rxf6 28.Nxf6+ Qxf6 29.Qe8+ Qf8 30.Qxe5 Qf7
31.Rf2 Bb7 32.Qe6 Kf8 33.Kf1 Qh5 34.Qf6+ Kg8 35.Qd8+ Kf7 36.Qe7+ Kg8 37.Qe6+ Kf8
38.Qf6+ Kg8 39.Qe6+ Kf8  0-1

[Event "Sao Paulo zt"]
[Site "Sao Paulo"]
[Date "1995.??.??"]
[Round "1"]
[White "Correa, Aron A"]
[Black "Milos, Gilberto"]
[Result "0-1"]
[WhiteElo "2345"]
[BlackElo "2560"]

1.d4 Nf6 2.c4 e6 3.Nf3 Bb4+ 4.Bd2 Qe7 5.g3 Nc6 6.Bg2 Bxd2+ 7.Qxd2 Ne4 8.Qc2 Qb4+
9.Nc3 Nxc3 10.Qxc3 Qxc3+ 11.bxc3 d6 12.Nd2 Na5 13.Rb1 Rb8 14.Be4 b6 15.Bd3 Bb7
16.O-O c5 17.f4 Ba6 18.Nb3 Nc6 19.a4 Ke7 20.a5 cxd4 21.cxd4 bxa5 22.d5 exd5
23.cxd5 Bxd3 24.exd3 a4 25.dxc6 axb3 26.Ra1 Rhc8 27.Rxa7+ Ke6 28.c7 Rb5 29.Rb1 Kd7
30.Ra3 b2 31.Ra2 Rb3 32.Rbxb2 Rxd3 33.Rc2 Rb3 34.Ra6 Rb5 35.Rcc6 d5 36.Rd6+ Kxc7
37.Rdc6+ Kb7 38.Rxc8 Kxc8 39.Ra8+ Kd7 40.Rg8 g6 41.Rg7 Ke6 42.Rxh7 Rb2 43.Kf1 d4
44.g4 f5 45.h3 d3 46.Ke1 Re2+ 47.Kd1 Rf2 48.Rg7 Kf6 49.Rd7 fxg4 50.hxg4 Rxf4
51.Rxd3 Kg5 52.Rd6 Rxg4 53.Ke2 Rf4 54.Ke3 Rf1 55.Ke2 Rf8 56.Rd1 Rf4 57.Ke3 Kf5
58.Rg1 g5 59.Ke2 g4 60.Rh1 g3 61.Rh8 Kg4 62.Ke3 Rf7 63.Ke2 g2 64.Rg8+ Kh3
65.Rh8+ Kg3 66.Rg8+ Kh2 67.Rh8+ Kg1  0-1

[Event "Sao Paulo zt"]
[Site "Sao Paulo"]
[Date "1995.??.??"]
[Round "3"]
[White "Mecking, Henrique"]
[Black "Milos, Gilberto"]
[Result "1/2-1/2"]
[WhiteElo "2575"]
[BlackElo "2560"]

1.d4 Nf6 2.c4 e6 3.Nf3 Bb4+ 4.Bd2 Qe7 5.g3 Nc6 6.Bg2 Bxd2+ 7.Qxd2 Ne4 8.Qc2 Qb4+
9.Nc3 Nxc3 10.Qxc3 Qxc3+ 11.bxc3 b6 12.Ne5 Bb7 13.Nxc6 Bxc6 14.Bxc6 dxc6
15.e4 f5 16.f4 fxe4 17.Kf2 c5 18.Ke3 cxd4+ 19.cxd4 Rf8 20.Kxe4 Rf5 21.a4 Ra5
22.Rhb1 a6 23.Kd3 Rd8 24.Kc3 Kf7 25.Re1 c5 26.dxc5 Rxc5 27.Rab1 Rdc8 28.Rxb6 Rxc4+
29.Kb3 Rc3+ 30.Kb4 R3c4+ 31.Ka3 Rc3+ 32.Kb4 R3c4+ 33.Ka3 Rc3+ 34.Rb3 Rc2
35.Rb7+ Kf6 36.Rb6 Rxh2 37.Rbxe6+ Kf7 38.R1e3 Rhc2 39.Kb4 R2c6 40.Re7+ Kf6
41.Ka5 Rd8 42.R7e5  1/2-1/2

[Event "Schwaebisch Gmuend op"]
[Site "Schwaebisch Gmuend"]
[Date "1995.??.??"]
[Round "?"]
[White "Ikonnikov, Vyacheslav"]
[Black "Ksieski, Zbigniew"]
[Result "1/2-1/2"]
[WhiteElo "2555"]
[BlackElo "2390"]

1.d4 Nf6 2.Nf3 e6 3.c4 Bb4+ 4.Bd2 a5 5.g3 d6 6.Bg2 Nbd7 7.O-O e5 8.Nc3 O-O
9.Qc2 exd4 10.Nxd4 Ne5 11.Bg5 h6 12.Bxf6 Qxf6 13.Nd5 Qd8 14.Nxb4 axb4 15.Rfd1 c6
16.b3 Ra6 17.h3 Qe7 18.Qd2 Rd8 19.Nc2 c5 20.a3 bxa3 21.Rxa3 Rxa3 22.Nxa3 Kf8
23.Nb5 f6 24.f4 Nf7 25.Nc3 Re8 26.Kf2 Bd7 27.Nd5 Qd8 28.Ra1 Bc6 29.Ra7 h5
30.Qd3 h4 31.g4 Qd7 32.Ne3 Qe6 33.Bd5 Bxd5 34.Nxd5 Rb8 35.Qh7 Nh6 36.Qg6 Qe8
37.Qd3 Qe6 38.Nc7 Qd7 39.Nb5 Nf7 40.Nc3 Nh6 41.Ne4 Nf7 42.Nxc5 Qc8 43.Na4 Ra8
44.Rxa8 Qxa8 45.Qd5 Qa7+ 46.e3 g5 47.Kf3 gxf4 48.Kxf4 Kg7 49.Ke4 Ng5+ 50.Kd3 Nxh3
51.Qxd6 Ng5 52.Qe7+ Nf7 53.Nc5 Qa1 54.Ne6+ Kg6 55.Nf4+ Kg7 56.Nh5+ Kg6 57.Qe4+ Kh6
58.Qf4+ Ng5 59.Qxf6+ Qxf6 60.Nxf6 h3 61.Nh5 h2 62.Ng3 Nf3 63.Ke4 Nd2+ 64.Kf5 Nf1
65.g5+ Kg7 66.Nh1 Nxe3+ 67.Ke4 Nc2 68.Kd3 Nb4+ 69.Kc3 Na6 70.b4 Kg6 71.b5 Nc5
72.Kd4 b6 73.Ke3 Kxg5 74.Kf3 Kf5 75.Ng3+ Ke5 76.Kg2 Kd4 77.Nf5+ Kxc4 78.Nd6+  1/2-1/2

[Event "Scotland WE op"]
[Site "SCO"]
[Date "1995.??.??"]
[Round "5"]
[White "Hebden, Mark"]
[Black "Farrell, Neil"]
[Result "1-0"]
[WhiteElo "2550"]
[BlackElo "2200"]

1.d4 Nf6 2.Nf3 e6 3.c4 Bb4+ 4.Bd2 Qe7 5.g3 Nc6 6.Nc3 Bxc3 7.Bxc3 Ne4 8.Rc1 O-O
9.Bg2 d6 10.O-O e5 11.d5 Nxc3 12.Rxc3 Nb8 13.Nd2 a5 14.c5 Na6 15.cxd6 cxd6
16.Nc4 Nc5 17.Qc2 Bg4 18.h3 Bh5 19.e4 Nd7 20.Rc1 Bg6 21.b3 b5 22.Ne3 Nc5
23.Qd2 Rfb8 24.Nf1 b4 25.Rxc5 dxc5 26.Ne3 a4 27.Nc4 f6 28.f4 axb3 29.axb3 Re8
30.fxe5 fxe5 31.h4 h6 32.Bh3 Kh8 33.d6 Qd8 34.Qe3 Ra3 35.d7 Re7 36.Nxa3 bxa3
37.Qxc5 Kh7 38.Qxa3 Rxd7 39.Bxd7 Qxd7 40.Qb4 Qg4 41.Qe1 Qd7 42.Qe3 Qb7 43.Re1 Bh5
44.Kh2 Bg4 45.Rc1 Qb5 46.Kg2 Qa5 47.Rc2 Qa1 48.Kh2 Qb1 49.Rf2 Be6 50.Qb6 Bxb3
51.h5 Qe1 52.Qg6+ Kg8 53.Qe8+ Kh7 54.Rf8 Qe2+ 55.Kh3 Be6+ 56.Qxe6 Qxh5+ 57.Kg2 Qe2+
58.Rf2 Qxe4+ 59.Kh2  1-0

[Event "Asia-chT"]
[Site "Singapore"]
[Date "1995.??.??"]
[Round "1"]
[White "Nguyen Anh Dung"]
[Black "Ooi Chern Ee"]
[Result "1/2-1/2"]
[WhiteElo "2485"]
[BlackElo "2220"]

1.d4 Nf6 2.c4 e6 3.Nf3 Bb4+ 4.Bd2 Qe7 5.e3 Nc6 6.Nc3 Bxc3 7.Bxc3 Ne4 8.Rc1 Nb4
9.Qb3 a5 10.a3 Nxc3 11.axb4 Ne4 12.Ra1 b6 13.Bd3 Bb7 14.bxa5 Ng5 15.Ke2 Nxf3
16.axb6 Nxd4+ 17.exd4 cxb6 18.Qxb6 Bxg2 19.Rxa8+ Bxa8 20.Qb8+ Qd8 21.Qxd8+ Kxd8
22.Ra1 Bb7 23.b4 g5 24.c5 Kc7 25.b5 Kb8 26.Kd2 f5 27.Bc4 Rf8 28.Rb1 Be4 29.Bd3 Bd5
30.b6 h5 31.Bb5 Rf7 32.Rc1 f4 33.c6 dxc6 34.Bxc6 g4 35.Bxd5 exd5 36.Rc5 Rf5
37.Rc7 Rf6 38.Rh7 Rxb6 39.Rxh5 Rb2+ 40.Ke1 Rb1+ 41.Ke2 Rb2+  1/2-1/2

[Event "Asia-chT"]
[Site "Singapore"]
[Date "1995.??.??"]
[Round "9"]
[White "Suad, M."]
[Black "De Guzman, Ricardo"]
[Result "0-1"]
[WhiteElo "2205"]
[BlackElo "2400"]

1.d4 Nf6 2.Nf3 e6 3.c4 Bb4+ 4.Bd2 Qe7 5.Nc3 b6 6.e3 Bb7 7.Bd3 O-O 8.O-O d6
9.Qc2 Nbd7 10.e4 Bxc3 11.bxc3 e5 12.Rfe1 Rfe8 13.Bg5 h6 14.Bxf6 Qxf6 15.Rad1 Re7
16.Re3 Rae8 17.Rde1 g6 18.h3 Bc6 19.d5 Bb7 20.Nh2 Qg7 21.g4 Rc8 22.Nf1 c6
23.Rg3 cxd5 24.cxd5 Kh7 25.Ne3 Nc5 26.Kh2 Rec7 27.Be2 Qf6 28.Rf3 Qe7 29.Rg1 Nd7
30.c4 b5 31.Rfg3 Qg5 32.Rf3 Nb6 33.Qb3 bxc4 34.Nxc4 Nxc4 35.Bxc4 Qe7 36.Bb5 Kg7
37.Rgg3 Rc5 38.a4 a6 39.Bf1 Rc1 40.Bg2 R8c5 41.Rc3 Qc7 42.Rxc5 Rxc5 43.Re3 Bc8
44.Bf1 Rc1 45.Kg2 Rc5 46.Be2 Bb7 47.Rd3 Bc8 48.Re3 Kh7 49.Rf3 Kg7 50.Re3 Rc1
51.Qb4 Rc5 52.Rb3 Rc1 53.Qb6 Qc2 54.Re3 Qxa4 55.Qxd6 Qa1 56.Rf3 Rg1+ 57.Kh2 Rh1+
58.Kg3 Qg1+ 59.Kh4 Qxg4+  0-1

[Event "Sitges op"]
[Site "Sitges"]
[Date "1995.??.??"]
[Round "4"]
[White "Vidarte Morales, Arturo"]
[Black "Dominiguez, Jose M"]
[Result "1/2-1/2"]
[WhiteElo "2355"]
[BlackElo "2265"]

1.d4 Nf6 2.c4 e6 3.Nf3 Bb4+ 4.Bd2 Qe7 5.g3 Bxd2+ 6.Qxd2 d6 7.Bg2 O-O 8.O-O e5
9.Nc3 Nbd7 10.e4 Re8 11.Rfe1 Nf8 12.h3 g6 13.Rad1 Kg7 14.Nd5 Nxd5 15.cxd5 Bd7
16.Rc1 c6 17.dxc6 Bxc6 18.d5 Bb5 19.Qa5 Ba6 20.Rc7 Qd8 21.Rec1 Re7 22.Qc3 Nd7
23.Bf1 Bxf1 24.Kxf1 Nc5 25.Rxe7 Qxe7 26.Nxe5 Nxe4 27.Nc6+ Qf6 28.Qxf6+ Nxf6
29.Na5 b6 30.Nc6 Rc8 31.Rd1 a5 32.a4 Kf8 33.Kg2 Rc7 34.Rd2 Ke8 35.Re2+ Kf8
36.Rd2  1/2-1/2

[Event "SLO-chT"]
[Site "?"]
[Date "1995.??.??"]
[Round "1"]
[White "Farago, Ivan"]
[Black "Hulak, Krunoslav"]
[Result "1-0"]
[WhiteElo "2520"]
[BlackElo "2555"]

1.d4 Nf6 2.c4 e6 3.Nf3 Bb4+ 4.Bd2 Qe7 5.g3 Nc6 6.Nc3 O-O 7.Bg2 d6 8.d5 Nb8
9.O-O a5 10.Ne1 e5 11.Nd3 Bd7 12.a3 Bxc3 13.Bxc3 a4 14.Qd2 Na6 15.Rae1 b5
16.c5 Nxc5 17.Bxe5 Nfe4 18.Qb4 f5 19.Bf4 Rae8 20.Nxc5 dxc5 21.Qa5 c6 22.f3 g5
23.fxe4 gxf4 24.Rxf4 fxe4 25.Rxe4 Qf6 26.Rxe8 Bxe8 27.Qd2 cxd5 28.Rf1 Qe5
29.Bxd5+ Kg7 30.Rxf8 Kxf8 31.Qf4+ Qxf4 32.gxf4 Ke7 33.Kf2 Kd6 34.e4 c4 35.Ke3 Kc5
36.f5  1-0

[Event "SLO-chT"]
[Site "?"]
[Date "1995.??.??"]
[Round "6"]
[White "Farago, Ivan"]
[Black "Grosar, Aljosa"]
[Result "1/2-1/2"]
[WhiteElo "2520"]
[BlackElo "2485"]

1.d4 Nf6 2.c4 e6 3.Nf3 Bb4+ 4.Bd2 c5 5.Bxb4 cxb4 6.g3 O-O 7.Bg2 d6 8.O-O Qc7
9.Nbd2 Nc6 10.Qb3 a5 11.d5 exd5 12.cxd5 Nb8 13.Rac1 Qb6 14.e4 Nbd7 15.Nc4 Qa6
16.e5 dxe5 17.Nfxe5 Nxe5 18.Nxe5 Bf5 19.Qc4 Qxc4 20.Nxc4 Rfd8 21.Rfd1 Be4
22.d6 Bxg2 23.Kxg2 Kf8 24.Ne5 Nd7 25.Nf3 Ra6 26.Rc7 Rb6 27.b3 h6 28.Rd5 Ra6
29.Rxb7 Nf6 30.Re5 Nd7 31.Reb5 Rxd6 32.Rxa5 Rb6 33.Rc7 Ke8 34.Nd4 Nb8 35.Nf5 Kf8
36.Ne3 Nc6 37.Rd5 Ke8 38.Rc5 Ne7 39.Nc4 Ra6 40.Rb5 Rxa2 41.Re5 Rd7 42.Rc8+ Rd8  1/2-1/2

[Event "ESP-chTa"]
[Site "Spain"]
[Date "1995.??.??"]
[Round "2"]
[White "Rubio, JJ."]
[Black "Izeta Txabarri, Felix"]
[Result "0-1"]
[WhiteElo "2270"]
[BlackElo "2495"]

1.d4 Nf6 2.c4 e6 3.Nf3 Bb4+ 4.Bd2 c5 5.e3 Bxd2+ 6.Qxd2 Ne4 7.Qc2 Qa5+ 8.Nbd2 Nxd2
9.Qxd2 Qxd2+ 10.Kxd2 b6 11.Be2 Bb7 12.Rhd1 Ke7 13.Rac1 d6 14.Ke1 Nd7 15.Kf1 Rac8
16.dxc5 bxc5 17.b3 Rc6 18.Nd2 Rb6 19.Nb1 Nf6 20.Nc3 Ne4 21.Na4 Ra6 22.Bf3 f5
23.Bxe4 Bxe4 24.Rd2 Bc6 25.Nc3 Rb6 26.f3 g5 27.Rcd1 Rd8 28.Kf2 a5 29.e4 fxe4
30.fxe4 a4 31.Rb1 axb3 32.Rxb3 Rb4 33.Rxb4 cxb4 34.Nb5 Bxb5 35.cxb5 Rb8 36.Rb2 Rxb5
37.a3 b3 38.Ke3 g4 39.Kd3 Ra5 40.Rxb3 Rh5 41.Rb2 Rxh2 42.e5 dxe5 43.Ke4 Kf6
44.Rf2+ Kg5 45.Kxe5 g3 46.Ra2 h5 47.a4 h4 48.a5 h3 49.a6 hxg2 50.a7 g1=Q
51.a8=Q Qc5+ 52.Kxe6 Rh6+ 53.Kf7 Qf5+  0-1

[Event "Chigorin mem"]
[Site "St Petersburg"]
[Date "1995.??.??"]
[Round "1"]
[White "Mishuchkov, Nikolai M"]
[Black "Dmitriev, Igor"]
[Result "1/2-1/2"]
[WhiteElo "2375"]
[BlackElo "2450"]

1.d4 Nf6 2.c4 e6 3.Nf3 Bb4+ 4.Bd2 a5 5.g3 O-O 6.Bg2 d6 7.O-O Bxd2 8.Qxd2 Qe7
9.Nc3 Nc6 10.e4 e5  1/2-1/2

[Event "Furman mem"]
[Site "St Petersburg"]
[Date "1995.??.??"]
[Round "4"]
[White "Osnos, Viatcheslav"]
[Black "Smyslov, Vassily"]
[Result "1/2-1/2"]
[WhiteElo "2430"]
[BlackElo "2565"]

1.d4 Nf6 2.Nf3 e6 3.c4 Bb4+ 4.Bd2 a5 5.g3 b6 6.Bg2 Bb7 7.O-O Bxd2 8.Qxd2 O-O
9.Nc3 Ne4 10.Nxe4 Bxe4 11.Ne1 Bxg2 12.Nxg2 d6 13.e4 Nd7 14.Rad1 Qb8 15.Qc3 c6
16.Ne3 b5 17.d5 cxd5 18.cxd5 Rc8 19.Qd2 Ne5 20.f4 Nc4 21.Nxc4 Rxc4 22.dxe6 fxe6  1/2-1/2

[Event "Furman mem"]
[Site "St Petersburg"]
[Date "1995.??.??"]
[Round "4"]
[White "Vladimirov, Boris T"]
[Black "Taimanov, Mark E"]
[Result "0-1"]
[WhiteElo "2405"]
[BlackElo "2510"]

1.d4 Nf6 2.Nf3 e6 3.c4 Bb4+ 4.Bd2 a5 5.g3 d5 6.Qc2 Nc6 7.Bg2 dxc4 8.Qxc4 Qd5
9.Qxd5 exd5 10.O-O Bg4 11.e3 Ne4 12.Bxb4 axb4 13.Nbd2 Bxf3 14.Nxf3 Ra5 15.a4 Kd7
16.Bh3+ Kd6 17.Bf5 Rha8 18.Bxe4 dxe4 19.Nd2 Rxa4 20.Rac1 f5 21.g4 g6 22.gxf5 gxf5
23.Rc5 Ne7 24.Nc4+ Kd7 25.Ne5+ Kd8 26.Nf7+ Ke8 27.Ne5 c6 28.Nc4 Ra1 29.Nd2 Nd5
30.Nb3 Rxf1+ 31.Kxf1 Kd7 32.Rc2 Kd6 33.Ke2 Ra2 34.Rd2 Nb6 35.Nc1 Ra1 36.Rc2 Na4
37.Rc4 b5 38.Rc2 Rb1 39.b3 Nc3+ 40.Kd2 h6  0-1

[Event "Chigorin mem"]
[Site "St Petersburg"]
[Date "1995.??.??"]
[Round "7"]
[White "Tregubov, Pavel V"]
[Black "Orlov, Vassily"]
[Result "1-0"]
[WhiteElo "2490"]
[BlackElo "2415"]

1.Nf3 Nf6 2.c4 e6 3.d4 Bb4+ 4.Bd2 Qe7 5.g3 b6 6.Bg2 Bb7 7.O-O Bxd2 8.Nbxd2 d6
9.Qc2 c5 10.e4 e5 11.d5 O-O 12.Nh4 g6 13.f4 exf4 14.Rxf4 Nbd7 15.Raf1 Nh5
16.R4f2 Ne5 17.Nhf3 Rae8 18.Nxe5 Qxe5 19.Qa4 a6 20.Qb3 Rb8 21.Nf3 Qe7 22.Qe3 f5
23.e5 Nf6 24.Re2 dxe5 25.Qxe5 Qxe5 26.Nxe5 Rbd8 27.Rfe1 Rd6 28.Nd3 Bc8 29.b4 cxb4
30.Nxb4 Bd7 31.Rb2 Rc8 32.Nc6 Bxc6 33.Rxb6 Ne4 34.Bxe4 fxe4 35.Rxa6 Ra8 36.Rxc6 Rxc6
37.dxc6 Rxa2 38.c7 Ra8 39.Rd1  1-0

[Event "St Petersburg op"]
[Site "St Petersburg"]
[Date "1995.??.??"]
[Round "9"]
[White "Volzhin, Alexander"]
[Black "Ulibin, Mikhail"]
[Result "1/2-1/2"]
[WhiteElo "2425"]
[BlackElo "2540"]

1.d4 e6 2.c4 Nf6 3.Nf3 Bb4+ 4.Bd2 Qe7 5.g3 Nc6 6.Bg2 Bxd2+ 7.Nbxd2 d6 8.O-O a5
9.e4 e5 10.d5 Nb8 11.Ne1  1/2-1/2

[Event "St Petersburg-ch"]
[Site "St Petersburg"]
[Date "1995.??.??"]
[Round "10"]
[White "Sakaev, Konstantin"]
[Black "Taimanov, Mark E"]
[Result "1/2-1/2"]
[WhiteElo "2535"]
[BlackElo "2505"]

1.d4 Nf6 2.c4 e6 3.Nf3 Bb4+ 4.Bd2 a5 5.g3 d5 6.Qc2 Nc6 7.a3 Be7 8.Bg2 O-O
9.O-O Bd7 10.Bf4 dxc4 11.Qxc4 Nd5 12.Nc3 Nxf4 13.gxf4 a4 14.Rad1 Na5 15.Qd3 Ra6
16.Ne5 Rb6 17.Qc2 Be8 18.Nxa4 Rd6 19.e3 f6 20.Nd3 Bc6 21.Nc3 Bxg2 22.Kxg2 b6
23.b4 Nc4 24.Qb3 Qa8+ 25.Kg1 Qf3 26.Ne1 Qc6 27.f5 b5 28.fxe6 Qe8 29.a4 c6
30.axb5 cxb5 31.d5 Ra6 32.Qb1 f5 33.Kh1 Bd6 34.Rg1 Ra3 35.Ne2 Bxh2 36.Rg5 Bd6
37.Rxf5 Rf6 38.Ng2 Ra1 39.Qxa1 Rxf5 40.Kg1 Qh5 41.Ng3  1/2-1/2

[Event "Strumica"]
[Site "Strumica"]
[Date "1995.??.??"]
[Round "3"]
[White "Kutirov, Rolando"]
[Black "Rashkovsky, Nukhim N"]
[Result "1-0"]
[WhiteElo "2425"]
[BlackElo "2550"]

1.d4 Nf6 2.c4 e6 3.Nf3 Bb4+ 4.Bd2 Qe7 5.g3 Nc6 6.Bg2 Bxd2+ 7.Nbxd2 a5 8.O-O d6
9.e4 e5 10.d5 Nb8 11.Ne1 O-O 12.Nd3 c6 13.Qa4 h5 14.b4 cxd5 15.cxd5 Nbd7
16.bxa5 b6 17.Rfc1 Nc5 18.Nxc5 bxc5 19.Nc4 Ba6 20.Nb6 Ra7 21.Rab1 h4 22.Rb3 hxg3
23.hxg3 g6 24.Bf1 Bxf1 25.Rxf1 Kg7 26.Kg2 Rh8 27.Rh1 Nh5 28.Ra3 Qg5 29.Qd1 Re7
30.a6 Ree8 31.a7 Nf4+ 32.Kf3 Rxh1 33.Qxh1 Rh8 34.Qxh8+  1-0

[Event "Strumica"]
[Site "Strumica"]
[Date "1995.??.??"]
[Round "9"]
[White "Kutirov, Rolando"]
[Black "Rashkovsky, Nukhim N"]
[Result "1-0"]
[WhiteElo "2425"]
[BlackElo "2550"]

1.d4 Nf6 2.c4 e6 3.Nf3 Bb4+ 4.Bd2 Qe7 5.g3 Bxd2+ 6.Qxd2 O-O 7.Bg2 d5 8.O-O Rd8
9.Qc2 Na6 10.Rd1 Nb4 11.Qb3 dxc4 12.Qxc4 c5 13.Nc3 cxd4 14.Rxd4 Nc6 15.Rxd8+ Qxd8
16.Rd1 Qb6 17.Na4 Qa5 18.Nd4 Ne5 19.Nb3 Nxc4 20.Nxa5 Bd7 21.Nxc4 Bxa4 22.b3 Bc6
23.Bxc6 bxc6 24.Na5 c5 25.Nb7 Ne4 26.Rc1 Rc8 27.f3 Rc7 28.fxe4 Rxb7 29.Rxc5 Kf8
30.Ra5 Ke7 31.Kf2 h6 32.Ke3 Kd6 33.Kd4 Rb4+ 34.Kd3 Rb7 35.e5+ Kc6 36.Ra6+ Kd5
37.Ra5+ Kc6 38.Kc4 Rd7 39.Ra6+ Kb7 40.Rd6 Rc7+ 41.Kb5  1-0

[Event "Strumica"]
[Site "Strumica"]
[Date "1995.??.??"]
[Round "14"]
[White "Rashkovsky, Nukhim N"]
[Black "Kurajica, Bojan"]
[Result "1/2-1/2"]
[WhiteElo "2550"]
[BlackElo "2585"]

1.d4 Nf6 2.Nf3 e6 3.c4 Bb4+ 4.Bd2 c5 5.e3 Bxd2+ 6.Nbxd2 cxd4 7.exd4 d5 8.c5 O-O
9.Bd3 b6 10.b4 bxc5 11.bxc5  1/2-1/2

[Event "SVK-chT"]
[Site "?"]
[Date "1995.??.??"]
[Round "?"]
[White "Horvath, Mario"]
[Black "Briestensky, Rastislav"]
[Result "0-1"]
[WhiteElo "2270"]
[BlackElo "2235"]

1.d4 Nf6 2.Nf3 e6 3.c4 Bb4+ 4.Bd2 Qe7 5.g3 O-O 6.Bg2 Bxd2+ 7.Nbxd2 d6 8.e3 e5
9.h3 Nbd7 10.O-O Re8 11.Qc2 Nf8 12.Kh2 e4 13.Ng1 Bf5 14.Rae1 h5 15.f3 exf3
16.Qxf5 fxg2 17.Kxg2 c5 18.Ngf3 g6 19.Qd3 Rad8 20.Nb1 Qe4 21.Qxe4 Nxe4 22.Nfd2 Nxd2
23.Nxd2 Rc8 24.b3 Kg7 25.Kf2 Re7 26.Rd1 d5 27.cxd5 cxd4 28.exd4 Rc2 29.Rfe1 Rd7
30.a4 Rxd5 31.Ke3 Rc3+ 32.Kf2 Ne6 33.Rc1 Rf5+ 34.Kg2 Rd3 35.Rc2 Nxd4 36.Rb2 Nf3
37.Re2 Ne5 38.Rf2 Rxf2+ 39.Kxf2 Rc3 40.Ne4 Rf3+ 41.Kg2 b6 42.Nd6 Rd3 43.Nb5 Rd7
44.Rc2 g5 45.Kf2 a6 46.Na3 Nd3+ 47.Ke3 Nc5 48.Rc3 Re7+ 49.Kf3 Ne6 50.Rd3 Rc7
51.Kf2 Nc5 52.Re3 f5 53.Nc4 Ne4+ 54.Kg2 b5 55.axb5 axb5 56.Na3 b4 57.Nb5 Rc2+
58.Kg1 g4 59.hxg4 hxg4 60.Nd4 Rc1+ 61.Kg2 Kf6 62.Ne2 Re1  0-1